000 00266nam a2200121Ia 4500
005 20251222141932.0
008 251222s9999||||xx |||||||||||||| ||spa||
082 _a858.12/B81
100 _aBrasioli, Alberto
245 0 _aDante:
264 _bIl Leggio
942 _cLIB
999 _c9054
_d9054